Văn hóa XHCN một giai đoạn mới trong sự tiến bộ văn hóa của nhân loại

محفوظ في:
التفاصيل البيبلوغرافية
التنسيق: كتاب
اللغة:Undetermined
منشور في: Hà Nội KHXH 1983
الموضوعات:
الوسوم: إضافة وسم
لا توجد وسوم, كن أول من يضع وسما على هذه التسجيلة!
Thư viện lưu trữ: Trung tâm Học liệu Trường Đại học Cần Thơ
LEADER 00462nam a2200145Ia 4500
001 CTU_6013
008 210402s9999 xx 000 0 und d
082 |a 351.85 
082 |b V115 
245 0 |a Văn hóa XHCN một giai đoạn mới trong sự tiến bộ văn hóa của nhân loại 
260 |a Hà Nội 
260 |b KHXH 
260 |c 1983 
650 |a socialism and literature 
980 |a Trung tâm Học liệu Trường Đại học Cần Thơ